<?xml version="1.0" encoding="UTF-8"?>
<collection xmlns="http://www.loc.gov/MARC21/slim">
 <record>
  <leader>00512aam a22002058a 4500</leader>
  <controlfield tag="001">000009821</controlfield>
  <controlfield tag="003">6019</controlfield>
  <controlfield tag="005">20111103091130.0</controlfield>
  <controlfield tag="008">111103s2005                           sd</controlfield>
  <datafield tag="020" ind1=" " ind2=" ">
   <subfield code="c">48</subfield>
   <subfield code="d">2</subfield>
  </datafield>
  <datafield tag="245" ind1=" " ind2=" ">
   <subfield code="a">Thảm án các công thần khai quốc đời Lê</subfield>
  </datafield>
  <datafield tag="260" ind1=" " ind2=" ">
   <subfield code="a">H</subfield>
   <subfield code="b">Đ Nẵng</subfield>
   <subfield code="c">2005</subfield>
  </datafield>
  <datafield tag="OWN" ind1=" " ind2=" ">
   <subfield code="a">LSP</subfield>
  </datafield>
  <datafield tag="999" ind1=" " ind2=" ">
   <subfield code="a">From the UDN01</subfield>
  </datafield>
  <datafield tag="TYP" ind1=" " ind2=" ">
   <subfield code="a">Monograph</subfield>
  </datafield>
  <datafield tag="TYP" ind1=" " ind2=" ">
   <subfield code="a">Printed language</subfield>
  </datafield>
  <datafield tag="980" ind1=" " ind2=" ">
   <subfield code="a">Mạng thư viện Đại học Đà Nẵng</subfield>
  </datafield>
 </record>
</collection>
